Culturas y comunicaciones para la paz (Parte I)

Este artículo ofrece la transcripción de la ponencia "Culturas y comunicaciones para la paz en un país en reconstrucción" leída por Roxana Martel -profesora del Departamento de Letras y Comunicaciones de la UCA- en el marco del Seminario "Comunicación y Cultura de Paz" realizado...

Ful tanımlama

Kaydedildi:
Detaylı Bibliyografya
Materyal Türü: Metin
Konular:
Etiketler: Etiketle
Etiket eklenmemiş, İlk siz ekleyin!

MARC

LEADER 00000 a a2200000 04500
001 6507
003
040
245 |a Culturas y comunicaciones para la paz (Parte I)  
520 |a Este artículo ofrece la transcripción de la ponencia "Culturas y comunicaciones para la paz en un país en reconstrucción" leída por Roxana Martel -profesora del Departamento de Letras y Comunicaciones de la UCA- en el marco del Seminario "Comunicación y Cultura de Paz" realizado en la ciudad de Guatemala los días 21, 26 y 27 del 2001. Se ofrece una reflexión sobre los conceptos de cultura, consolidación de la paz y la reconstrucción de prácticas sociales a partir del terremoto del 2001. /MSD  
650 |a CULTURA  
650 |a PAZ  
650 |a TERREMOTOS  
650 |a CONFERENCIAS  
773 |g volumen 22, número 963; páginas 13-16  
999 |c 34651  |d 34651